| 000 | 01175nam0a22002171 4500 | ||
|---|---|---|---|
| 001 | rc\370388 | ||
| 005 | 20250621054223.0 | ||
| 035 | _a(NLR Aleph) 005601985 | ||
| 090 |
_a6322521 _c6322521 |
||
| 100 | _a20030307d1989 |||y0rusy50 ca | ||
| 101 | 0 | _arus | |
| 102 | _aRU | ||
| 105 | _ay ||||||||| | ||
| 200 | 1 |
_aМЕТОДИЧЕСКИЕ рекомендации по рекламной проработке инициативной лицензионной тематики отрасли _fМ-во тяжелого, энерг. и трансп. машиностроения СССР, ЦНИИ информ. и техн.-экон. исслед. по тяжелому и трансп. машиностроению (ЦНИИТЭИтяжмаш) _g[Сост. Лац И.Р.] |
|
| 210 |
_aМ. _cЦНИИТЭИтяжмаш _cОтрасл. н.-и. отд. эффективности междунар. науч.-техн. связей, информ. обмена по КП НТП СЭВ и анализа пат.-лиценз. работы _d1989 |
||
| 215 |
_a21 с. _d21 |
||
| 801 | 0 |
_aRU _bNLR _gpsbo |
|
| 801 | 1 |
_aRU _bELAR _2rusmarc |
|
| 852 |
_aNLR _j89-6/3472 |
||
| 942 | _cBOOK | ||
| 980 | _aNB | ||